000 00659nam a22001577a 4500
008 160604b xxu||||| |||| 00| 0 eng d
082 _22012
_aUT 0343
_bF21
100 _910002
_aFamulagan, Mary Antonette.
245 _aInvolvement in curricular activities of studying mothers of University of Mindanao Digos College and their academic performance/
_cMary Antonette Famulagan, Mary Jabe Silorio and Christylyn Cane.
260 _aDigos City:
_bUMDC
_cMarch 2012.
300 _a30 pages;
_c27.5 cm.
650 0 _910001
_aElementary Education
_xUndergraduate thesis.
700 _99999
_aSilorio, Mary Jabe.
700 _910000
_aCane, Christylyn.
942 _2ddc
_cUT
999 _c2996
_d2996